000 00571nam a2200169 i 4500
001 129535
003 ES-MaACL
005 20230906193523.0
007 t|
008 070626s1935 fr ||||1| fre d
100 1 _aThomasson, Emile Raoul de.
_9110059
245 1 0 _aNaissance et vicissitudes de 300 mots et locutions
_b: essai de sémantique /
_cLieutenant-colonel de Thomasson ; préface de M. Albert Dauzat.
260 _aParis :
_b[s.n.],
_c1935 (
_fImp. Delagrave)
300 _a183 p. ;
_c19 cm.
700 1 _aDauzat, Albert.
_942848
852 _aES-MaACL
_jA-3481
999 _c129535
_d129535